| 000 | 00532 a2200169 4500 | ||
|---|---|---|---|
| 020 | _a0136269389 | ||
| 082 | _a515.723 | ||
| 090 |
_c7341 _d7341 |
||
| 100 | _aErsoy, Okan K. | ||
| 245 |
_aFourier-Related Transforms, Fast Algorithms and Applications _cErsoy, Okan K. |
||
| 250 | _aInternational Edition. | ||
| 260 |
_aUSA _bPrentice Hall _c1997 |
||
| 300 |
_axix, 522 p. ; _bill. ; _c25 cm. _eFloppy Disk |
||
| 500 | _aIncludes bibliographical references and index. | ||
| 650 | _a1. Fourier Transformation. | ||
| 942 |
_cBK _k515.723 ERS |
||
| 999 |
_c11144 _d11144 |
||